000 00410nam a2200157Ia 4500
008 230917s9999||||xx |||||||||||||| ||und||
020 _cRS80
040 _e23308
_aMAIN
041 _aEnglish
082 _a331.10954 D354I
100 _aDayal, Sahab
245 0 _aIndustrial relations system in India: A study f vital issues
260 _aNew Delhi
_bSterling
_c1980
300 _avii, 268 p.
942 _cBK
999 _c213231
_d213231